<?xml version="1.0" encoding="UTF-8"?>
<record
    xmlns:xsi="http://www.w3.org/2001/XMLSchema-instance"
    xsi:schemaLocation="http://www.loc.gov/MARC21/slim http://www.loc.gov/standards/marcxml/schema/MARC21slim.xsd"
    xmlns="http://www.loc.gov/MARC21/slim">

  <leader>00335nam a22001577a 4500</leader>
  <datafield tag="020" ind1=" " ind2=" ">
    <subfield code="a">978-81-7436-128-8</subfield>
  </datafield>
  <datafield tag="082" ind1=" " ind2=" ">
    <subfield code="a">643.3</subfield>
    <subfield code="b">BOS</subfield>
  </datafield>
  <datafield tag="100" ind1=" " ind2=" ">
    <subfield code="a">BOSE, SUJIT</subfield>
  </datafield>
  <datafield tag="245" ind1=" " ind2=" ">
    <subfield code="a">BANGALI KITCHEN</subfield>
  </datafield>
  <datafield tag="250" ind1=" " ind2=" ">
    <subfield code="a">1ST</subfield>
  </datafield>
  <datafield tag="260" ind1=" " ind2=" ">
    <subfield code="a">DELHI</subfield>
    <subfield code="b">LUSTER PRESS</subfield>
    <subfield code="c">2013</subfield>
  </datafield>
  <datafield tag="300" ind1=" " ind2=" ">
    <subfield code="a">95</subfield>
  </datafield>
  <datafield tag="650" ind1=" " ind2=" ">
    <subfield code="a">COOKERY</subfield>
  </datafield>
  <datafield tag="653" ind1=" " ind2=" ">
    <subfield code="a">KITCHEN,BANGALI</subfield>
  </datafield>
  <datafield tag="942" ind1=" " ind2=" ">
    <subfield code="2">ddc</subfield>
    <subfield code="c">BK</subfield>
  </datafield>
  <datafield tag="952" ind1=" " ind2=" ">
    <subfield code="0">0</subfield>
    <subfield code="1">0</subfield>
    <subfield code="2">ddc</subfield>
    <subfield code="4">0</subfield>
    <subfield code="7">1</subfield>
    <subfield code="8">HM</subfield>
    <subfield code="a">SSSL</subfield>
    <subfield code="b">SSSL</subfield>
    <subfield code="c">REF</subfield>
    <subfield code="d">2015-10-10</subfield>
    <subfield code="e">JINDAL BOOKSERVICE</subfield>
    <subfield code="g">125.00</subfield>
    <subfield code="i">SGTU</subfield>
    <subfield code="o">643.3 BOS</subfield>
    <subfield code="p">HM466</subfield>
    <subfield code="r">2015-10-10 00:00:00</subfield>
    <subfield code="w">2015-09-07</subfield>
    <subfield code="y">BK</subfield>
    <subfield code="k">1775</subfield>
  </datafield>
  <datafield tag="952" ind1=" " ind2=" ">
    <subfield code="0">0</subfield>
    <subfield code="1">0</subfield>
    <subfield code="2">ddc</subfield>
    <subfield code="4">0</subfield>
    <subfield code="7">1</subfield>
    <subfield code="8">HM</subfield>
    <subfield code="a">SSSL</subfield>
    <subfield code="b">SSSL</subfield>
    <subfield code="c">REF</subfield>
    <subfield code="d">2015-10-10</subfield>
    <subfield code="e">JINDAL BOOKSERVICE</subfield>
    <subfield code="g">125.00</subfield>
    <subfield code="i">SGTU</subfield>
    <subfield code="o">643.3 BOS</subfield>
    <subfield code="p">HM467</subfield>
    <subfield code="r">2015-10-10 00:00:00</subfield>
    <subfield code="w">2015-09-07</subfield>
    <subfield code="y">BK</subfield>
    <subfield code="k">1775</subfield>
  </datafield>
  <datafield tag="952" ind1=" " ind2=" ">
    <subfield code="0">0</subfield>
    <subfield code="1">0</subfield>
    <subfield code="2">ddc</subfield>
    <subfield code="4">0</subfield>
    <subfield code="7">1</subfield>
    <subfield code="8">HM</subfield>
    <subfield code="a">SSSL</subfield>
    <subfield code="b">SSSL</subfield>
    <subfield code="c">REF</subfield>
    <subfield code="d">2015-10-10</subfield>
    <subfield code="e">JINDAL BOOKSERVICE</subfield>
    <subfield code="g">125.00</subfield>
    <subfield code="i">SGTU</subfield>
    <subfield code="o">643.3 BOS</subfield>
    <subfield code="p">HM468</subfield>
    <subfield code="r">2015-10-10 00:00:00</subfield>
    <subfield code="w">2015-09-07</subfield>
    <subfield code="y">BK</subfield>
    <subfield code="k">1775</subfield>
  </datafield>
  <datafield tag="952" ind1=" " ind2=" ">
    <subfield code="0">0</subfield>
    <subfield code="1">0</subfield>
    <subfield code="2">ddc</subfield>
    <subfield code="4">0</subfield>
    <subfield code="7">1</subfield>
    <subfield code="8">HM</subfield>
    <subfield code="a">SSSL</subfield>
    <subfield code="b">SSSL</subfield>
    <subfield code="c">REF</subfield>
    <subfield code="d">2015-10-10</subfield>
    <subfield code="e">JINDAL BOOKSERVICE</subfield>
    <subfield code="g">125.00</subfield>
    <subfield code="i">SGTU</subfield>
    <subfield code="o">643.3 BOS</subfield>
    <subfield code="p">HM469</subfield>
    <subfield code="r">2015-10-10 00:00:00</subfield>
    <subfield code="w">2015-09-07</subfield>
    <subfield code="y">BK</subfield>
    <subfield code="k">1775</subfield>
  </datafield>
  <datafield tag="952" ind1=" " ind2=" ">
    <subfield code="0">0</subfield>
    <subfield code="1">0</subfield>
    <subfield code="2">ddc</subfield>
    <subfield code="4">0</subfield>
    <subfield code="7">1</subfield>
    <subfield code="8">HM</subfield>
    <subfield code="a">SSSL</subfield>
    <subfield code="b">SSSL</subfield>
    <subfield code="c">REF</subfield>
    <subfield code="d">2015-10-10</subfield>
    <subfield code="e">JINDAL BOOKSERVICE</subfield>
    <subfield code="g">125.00</subfield>
    <subfield code="i">SGTU</subfield>
    <subfield code="o">643.3 BOS</subfield>
    <subfield code="p">HM470</subfield>
    <subfield code="r">2015-10-10 00:00:00</subfield>
    <subfield code="w">2015-09-07</subfield>
    <subfield code="y">BK</subfield>
    <subfield code="k">1775</subfield>
  </datafield>
  <datafield tag="999" ind1=" " ind2=" ">
    <subfield code="c">8057</subfield>
    <subfield code="d">8057</subfield>
  </datafield>
</record>
